000 01313nam a2200301Ia 4500
001 ebr10515828
003 CaPaEBR
006 m u
007 cr cn|||||||||
008 111102s2011 nju s 000 0 eng d
020 _z9781118059883
020 _z9781118172582
040 _aCaPaEBR
_cCaPaEBR
035 _a(OCoLC)768230387
050 1 4 _aTS695.9
_b.A38 2011eb
245 0 0 _aAdvanced ceramic coatings and materials for extreme environments
_h[electronic resource] :
_ba collection of papers presented at the 35th international conference on advanced ceramics and composites, January 23-28, 2011, Daytona Beach, Florida /
_cedited by Dongming Zhu, Hua-Tay Lin, Yanchun Zhou.
260 _aHoboken, NJ :
_bJohn Wiley,
_c2011.
300 _axiii, 188 p.
533 _aElectronic reproduction.
_bPalo Alto, Calif. :
_cebrary,
_d2011.
_nAvailable via World Wide Web.
_nAccess may be limited to ebrary affiliated libraries.
650 0 _aCeramic coating
_vCongresses.
650 0 _aExtreme environments.
655 7 _aElectronic books.
_2local
700 1 _aZhu, Dongming.
700 1 _aLin, Hua-Tay.
700 1 _aZhou, Yanchun.
710 2 _aebrary, Inc.
856 4 0 _uhttp://site.ebrary.com/lib/rucke/Doc?id=10515828
_zAn electronic book accessible through the World Wide Web; click to view
999 _c224704
_d224704